Words Multiple Times in Breath of the Wild Quests (No DLC) - Statistics

General Stats
  • This quiz has been taken 7 times
  • The average score is 11 of 34
Answer Stats
Occurences Quests Answer % Correct
16 A Brother's Roast, A Landscape of a Stable, A Fragmented Monument, A Song of Storms, Under a Red Moon, A Parent's Love, A Shady Customer, A Gift for My Beloved, A Freezing Rod, A Wife Washed Away, A Gift from the Monks, A Gift of Nightshade, A Gift for the Great Fairy, A Royal Recipe, A Rare Find A
80%
4 A Gift for My Beloved, A Gift from the Monks, A Gift of Nightshade, A Gift for the Great Fairy Gift
60%
3 A Gift for My Beloved, The Apple of My Eye, My Hero My
60%
22 (too many) Of
60%
5 Secret of the Snowy Peaks, Secret of the Cedars, Death Mountain's Secret, The Secret Club's Secret Secret
60%
66 (too many) The
60%
5 Divine Beast Vah Medoh, Divine Beast Vah Rudania, Divine Beast Vah Ruta, Divine Beast Vah Naboris, The Crowned Beast Beast
40%
5 Free the Divine Beasts, Divine Beast Vah Medoh, Divine Beast Vah Rudania, Divine Beast Vah Ruta, Divine Beast Vah Naboris Divine
40%
2 Find the Fairy Fountain, A Gift for the Great Fairy Fairy
40%
2 From the Ground Up, A Gift from the Monks From
40%
2 Misko, the Great Bandit, A Gift for the Great Fairy Great
40%
2 The Bird in the Mountains, Missing in Action In
40%
5 Trial of the Labyrinth, Trial on the Cliff, Trial of Second Sight, Trial of Thunder, Legendary Rabbit Trial Trial
40%
3 The Skull's Eye, The Eye of the Sandstorm, The Apple of My Eye Eye
20%
3 Find the Fairy Fountain, Find Kheel, A Rare Find Find
20%
8 Watch Out for the Flowers, A Gift for My Beloved, Slated for Upgrades, What's for Dinner?, Curry for What Ails You, The Search for Barta, Hunt for the Giant Horse, A Gift for the Great Fairy For
20%
3 The Three Giant Brothers, The Giant of Ralis Pond, Hunt for the Giant Horse Giant
20%
2 The Hero's Sword, The Hero's Cache Hero's
20%
2 Good-Sized Horse, Hunt for the Giant Horse Horse
20%
2 Cooking with Koko, Koko Cuisine Koko
20%
2 Koko's Kitchen, Koko's Specialty Koko's
20%
2 Trial of the Labyrinth, The Desert Labyrinth Labyrinth
20%
2 Stranded on Eventide, Trial on the Cliff On
20%
2 Seek Out Impa, Watch Out for the Flowers Out
20%
3 The Royal Guard's Gear, A Royal Recipe, The Royal White Stallion Royal
20%
3 A Song of Storms, The Ancient Rito Song, The Ceremonial Song Song
20%
2 The Spring of Power, The Spring of Wisdom Spring
20%
2 Zora Stone Monuments, Luminous Stone Gathering Stone
20%
2 The Hero's Sword, The Forgotten Sword Sword
20%
2 Test of Will, The Test of Wood Test
20%
3 Trial of Thunder, The Thunder Helm, Thunder Magnet Thunder
20%
2 The Jewel Trade, Tools of the Trade Trade
20%
4 Divine Beast Vah Medoh, Divine Beast Vah Rudania, Divine Beast Vah Ruta, Divine Beast Vah Naboris Vah
20%
2 Cooking with Koko, Playtime with Cottla With
20%
No matching quizzes found
Score Distribution
Percent of People with Each Score
Percentile by Number Answered
Your Score History
You have not taken this quiz